LEADER 00942nam a2200229 i 4500 001 000000259382 003 CaOOAMICUS 005 20180820000000.0 008 180820s1998 it u000 u ita u 013 $a238290 020 $a88-8123-102-6 040 $aSeMil$bita 245 10$aQuando la vita è dono :$bLidia Riccò in Manini (1926-1968). Una testimonianza cristiana. 260 $aMilano :$bIn Dialogo,$c1998. 300 $a103 p. ;$c20 cm. 490 0 $aTestimoni di speranza 830 0$aTestimoni di speranza.$0(OLS)http://semarc/title/12973 850 $aSeMil 852 $aSeMil$W1$xVenegono$y1$m5D V 12/13$j209727$B209727$CSeMilBibl$Z2$F223346 $81 996 $6020$a88-8123-102-6$9(OLS)http://semarc/number/285092 996 $6245$aQuando la vita è dono :$bLidia Riccò in Manini (1926-1968). Una testimonianza cristiana$9(OLS)http://semarc/title/414149 996 $6260$aMilano :$bIn Dialogo$9(OLS)http://semarc/publisher/31663 LEADER 01405nam a2200241 i 4500 001 000000046217 003 CaOOAMICUS 005 20090807000000.0 008 090807s1951 xx u000 u fre u 013 $a17387 040 $aSeMil$bita 100 1 $aSnoecks, Remi.$0(OLS)http://semarc/name/22962 245 12$aL'argument de tradition dans la controverse eucharistique entre catholiques et réformés français au 17. siècle /$cRemi Snoecks. 260 $aGembloux :$bJ. Duculot,$c1951. 300 $aXLVII, 560 p. ;$c25 cm. 490 0 $aDissertationes ad gradum magistri in Facultate theologica vel in Facultate iuris canonici consequendum conscriptae. Serie 2. [Université de Louvain]$ ;$v44. 500 $aL'ultima pagina risulta strappata al momento della catalogazione. 650 4$aEucaristia - Storia.$0(OLS)http://semarc/subject/89 830 0$aDissertationes ad gradum magistri in Facultate theologica vel in Facultate iuris canonici consequendum conscriptae. Serie 2 / Universitas catholica Lovaniensis ;$v44.$0(OLS)http://semarc/title/358 850 $aSeMil 852 $aSeMil$W1$xVenegono$y1$m2A IV 116$j12372$B12372$CSeMilBibl$Z2$F12372 $81 996 $6245$aL'argument de tradition dans la controverse eucharistique entre catholiques et réformés français au 17. siècle$9(OLS)http://semarc/title/69009 996 $6260$aGembloux :$bJ. Duculot$9(OLS)http://semarc/publisher/29655